[Event "SV Deggendorf 2-SC Groebenzell 2"]
[Site "?"]
[Date "2025.04.06"]
[Round "9.4"]
[White "Doerfler, Guenther"]
[Black "Stocker, Rupert"]
[Result "1/2-1/2"]
[WhiteElo "1973"]
[BlackElo "1979"]
[Annotator "Stockfish 17"]
[PlyCount "84"]
[EventDate "2025.??.??"]
[WhiteTeam "SV Deggendorf 2"]
[BlackTeam "SC Gröbenzell 2"]

{[%evp 9,84,53,56,54,52,53,55,45,52,42,47,6,60,12,50,52,65,50,59,56,57,52,107,
54,124,120,114,44,41,-56,207,223,218,161,161,158,181,167,152,162,508,524,530,
536,517,521,523,435,504,398,540,388,315,71,61,42,47,39,36,34,33,35,35,19,25,18,
31,26,29,17,23,9,27,22,31,23,23]} 1. e4 c6 2. d4 g6 3. Nf3 Bg7 4. g3 (4. Bd3 d6
5. O-O Nd7 6. Be3 {ist für Weiß ein guter Aufbau} Ngf6 7. h3 O-O 8. Nbd2 Qc7
9. a4 {Ronin,V-Titov,G 1983}) 4... d5 5. exd5 cxd5 6. Bg2 Nc6 7. O-O Nh6 8. c3
$14 O-O 9. Re1 f6 10. Nbd2 Nf5 11. Nf1 e6 12. Ne3 Nd6 13. b3 Re8 14. c4 Ne4 15.
Bb2 f5 $6 16. Bf1 (16. Rc1 $16 {ist für Weiß sehr angenehm}) 16... Kh8 17.
Rc1 $16 Rf8 18. cxd5 {bringt keinen Vorteil} (18. Ne5 $16 {bleibt vorne}) 18...
exd5 $14 {Droht ...f4.} 19. Ne5 $6 {[#]} ({Lieber} 19. Ba3 $14) 19... Ne7 $2 {
[%mdl 8192] ein grober Fehler, wie die Folge beweist} (19... f4 $15 {behält
die Oberhand.} 20. gxf4 Rxf4) 20. Ng2 $18 Qb6 21. Rc2 (21. Ba3 $1 Re8 22. Bc5
$18) 21... Be6 22. Nf4 Rfc8 23. Ree2 (23. Ba3 $1) 23... Bg8 24. Ba3 $1 Nc6 $2 {
[#]} (24... Re8 {ist zäher.}) 25. Rxe4 $1 {[%mdl 512] hervorragend, genauso
hätte auch Stockfish gespielt. Der Schwarze darf den Turm nicht nehmen} Nxd4 (
25... Nxe5 26. Rxe5) (25... dxe4 26. Nfxg6+ hxg6 27. Nxg6+ Kh7 28. Qh5+ Bh6 29.
Bc1 {#10}) (25... fxe4 26. Nexg6+ $1 hxg6 27. Nxg6+ Kh7 28. Qh5+ Bh6 29. Bc1)
26. Rxc8 $1 Rxc8 27. Rxd4 {+5.44 Schwarz könnte genausogut aufgeben} Bxe5 28.
Bb2 (28. Rd3 Qa5 29. b4 Qc7 30. Nxd5 {ist leicht gewonnen}) 28... Bf7 29. Qa1 (
29. Rd2 Bxb2 30. Rxb2 $18 {ist auch klar gewonnen}) 29... Kg8 (29... Bxd4 30.
Bxd4+ {geht natürlich nicht}) 30. Rxd5 Bxf4 {[#]} 31. Bh8 $2 {eine Fata
Morgana, die leider alles verdirbt} (31. Rb5 Qd6 32. gxf4 Qxf4 33. Qd1 $18 {
war eine leichte Lösung}) 31... Bh6 $16 32. Rd1 Rd8 {[#] Und weiter mit ...
Txd1 wäre nett.} 33. Rxd8+ (33. Be5 {ist vielschichtiger.} Bf8 34. h4 h5 35.
Bg2 Rxd1+ 36. Qxd1 Qa5 37. Bb2) 33... Qxd8 34. Bd4 b6 35. Qc3 Bf8 36. Bf6 Qd6
37. Be2 Qc5 38. Qd2 Qd6 39. Qb2 Bd5 40. Qd4 Bf7 41. Qc3 Qc5 42. Qd2 Qd6 1/2-1/2

[Event "SV Deggendorf 2-SC Groebenzell 2"]
[Site "?"]
[Date "2025.04.06"]
[Round "9.5"]
[White "Feierlein, Robert"]
[Black "Bielmeier, Ludwig"]
[Result "1-0"]
[WhiteElo "1977"]
[BlackElo "2017"]
[Annotator "Stockfish 17"]
[PlyCount "83"]
[EventDate "2025.??.??"]
[WhiteTeam "SC Gröbenzell 2"]
[BlackTeam "SV Deggendorf 2"]

{[%evp 14,83,56,56,59,50,58,63,60,63,62,61,81,30,46,32,29,12,88,58,90,83,97,77,
99,99,99,92,111,93,107,60,65,60,177,169,174,189,184,187,175,186,211,171,167,
119,219,219,213,209,239,214,341,343,336,341,375,378,477,440,458,373,356,387,
361,367,398,360,586,589,572,568]} 1. c4 Nf6 2. Nc3 d6 3. g3 c6 4. Bg2 e5 5. d3
Be7 6. Nf3 O-O 7. O-O Nbd7 8. e4 Re8 9. d4 (9. h3 Qc7 10. Be3 Bf8 11. Qd2 a6
12. Rac1 Nc5 {Doncevic,D-Perez,P Gran Canaria op 1989}) 9... Bf8 10. Re1 a5 11.
b3 exd4 12. Nxd4 Nc5 13. Bb2 Qb6 14. Rb1 Bg4 15. Qd2 Rad8 $6 {+0.82} (15... Bh5
$11 {0.13 hält das Gleichgewicht.}) 16. h3 $16 Bc8 17. Ba1 Qc7 18. a3 {
[%cal Ba2a3,Ba3b4][%mdl 32]} g6 19. b4 $16 axb4 20. axb4 Ncd7 21. f4 {Weiß
hat mehr Raum} Bg7 22. Rf1 Nb6 23. Qd3 {[#]} d5 $2 (23... Qe7 $142 $14) 24.
cxd5 $18 cxd5 25. e5 {+1.70  Weiß hat gewaltigen Vorteil} Ne4 26. Nxe4 dxe4
27. Qxe4 {hat Schwarz für den Bauern ein Äquivalent?} Nd5 28. Rfc1 Qb8 29.
Rc5 Nf6 $6 30. Qf3 $18 Nd7 31. Rcc1 Qa7 {Schwarz will ...Sxe5 spielen.} 32. Kh2
Nf8 {[#]} 33. Nb5 $1 {[%cal Rb5a7]} Qb8 34. Nd6 $18 {Weiß steht auf Gewinn}
Re7 35. Bd4 Ne6 36. Bb6 Rf8 37. Rc4 Bd7 38. Qxb7 Qxb7 39. Bxb7 f6 40. f5 (40.
exf6 Rxf6 41. Bd5 {+4.80 ist leicht gewonnen}) 40... Nd8 {[#]} 41. Bd5+ Kh8 42.
e6 1-0

[Event "SV Deggendorf 2-SC Groebenzell 2"]
[Site "?"]
[Date "2025.04.06"]
[Round "9.6"]
[White "Bauer, Bernd"]
[Black "Schrader, Jan-Erik"]
[Result "0-1"]
[WhiteElo "1903"]
[BlackElo "2021"]
[Annotator "Stockfish 17"]
[PlyCount "98"]
[EventDate "2025.??.??"]
[WhiteTeam "SV Deggendorf 2"]
[BlackTeam "SC Gröbenzell 2"]

{[%evp 17,98,-4,-1,-8,8,-24,-30,-42,-35,-34,-32,-41,-45,-45,-20,-18,9,-4,10,0,
0,1,4,-18,-18,-20,-17,-19,-20,-30,-21,-33,-34,-41,-38,-39,-32,-37,-42,-51,-30,
-112,-33,-93,-44,-192,-203,-242,-267,-274,-269,-276,-251,-293,-248,-453,-452,
-512,-477,-564,-537,-649,-660,-853,-853,-802,-798,-661,-662,-1299,-4004,-5359,
-7099,-29980,-29982,-29980,-29983,-29983,-29984,-1295,-29983,-29981,-29984]} 1.
e4 e6 2. d4 d5 3. Nd2 Nf6 4. Bd3 (4. e5 Nfd7 5. Bd3 c5 6. c3 Nc6 7. Ne2 cxd4 8.
cxd4 {ist eine sehr gängige Eröffnung}) 4... c5 5. c3 Nc6 6. Ngf3 cxd4 7.
cxd4 dxe4 8. Nxe4 Be7 (8... Bb4+ 9. Bd2 O-O 10. O-O Be7 11. Qe2 Nd5 12. Rac1
Ncb4 13. Bb1 {Meszaros,A-Birk,St  Eger 1993}) 9. O-O O-O 10. b3 (10. Nxf6+ Bxf6
11. Be3 Qd6 12. Qd2 Rd8 13. Rfd1 Bd7 14. Be4 Be8 15. Bg5 $15 {Hug,W-Brunner,L
Biel izt 1993} (15. Rac1 $11)) 10... b6 11. Bb2 $6 (11. Nxf6+ Bxf6 12. Ba3 $11
{kam in Frage} Be7 (12... Re8 13. Be4 Bb7 14. Ne5 $11) 13. Bxh7+ Kxh7 14. Qc2+
Kg8 15. Qxc6 Ba6 16. Bxe7 Qxe7 17. Rfe1 $11) 11... Bb7 12. Nxf6+ $15 Bxf6 13.
Be4 Rc8 14. Rc1 (14. Ne5 $142 $11) 14... Qe7 15. Qe2 Rfe8 16. Rfd1 Nb8 17. h3
Bd5 18. Rxc8 (18. Ne5 Bxe4 19. Qxe4 $11) 18... Rxc8 19. Bxd5 exd5 20. Qxe7 (20.
Qd3 Nc6 21. Qb5 Qe6 22. Re1 $11 {war eine gute Alternative}) 20... Bxe7 21. Rc1
Rxc1+ 22. Bxc1 $11 {[%mdl 4096] Endspiel KLS-KLS das Endspiel sieht sehr
remislich aus} Nc6 23. Bf4 (23. Ne5 Nxd4 24. Bb2 Nc2 25. Nc6 Bc5 26. Nxa7 d4
27. Kf1 d3 28. Nc6 f6 29. Nd8 Bd6 30. g3 $11 {war auch gut spielbar}) 23... Bf6
24. Be5 ({gegen} 24. Be3 Kf8 25. Kf1 Ke7 26. Ke2 Kd7 27. Kd1 Ke6 $11 {war
nichts einzuwenden}) 24... Bxe5 25. dxe5 $15 {[#] KS-KS das
Springerendspielist auch sehr im Remisbereich} Kf8 26. Kf1 Ke7 27. Ke2 Ke6 28.
Ng5+ Kxe5 29. Nxh7 $2 {das führt allerdings zu großem Nachteil} (29. Nxf7+
$11 {war der einzige Weg, das Gleichgewicht zu halten.} Kd4 30. Kd2 h6 31. Nd6
Ke5 32. Nb5 g5 $11) 29... Nb4 (29... Nd4+ $142 $17 30. Ke3 Ne6 31. h4 f5 32. g3
f4+ 33. gxf4+ Nxf4 34. Ng5 Ng2+ $19 {war viel stärker}) 30. Ng5 $2 (30. a3
$142 Nc2 31. Ng5 Nxa3 32. Nxf7+ Kd4 33. Kd2 Kc5 34. Kc1 Nb5 35. h4 $11) 30...
f6 31. Nf3+ (31. f4+ {reicht bei genauem Spiel nicht aus} Kd4 32. Ne6+ Kc3 33.
a3 Nd3 34. Kf3 Kxb3 35. Nxg7 b5 36. Ne6 Kxa3 37. Ke2 Nb2 38. h4 b4 39. h5 b3
40. h6 Nc4 41. h7 b2 42. h8=Q b1=Q 43. Qh3+ Kb4 44. Qd3 Qb2+ 45. Kf3 Qc3 $19)
31... Ke4 $19 {die Stellung ist für Weiß kaum noch zu halten} 32. a4 {[#]}
Nd3 33. Nd2+ Kd4 34. g3 Nc5 35. f4 Ne4 (35... Kc3 $1 $19) 36. Nxe4 $2 {[#]} (
36. Nf1 Kc3 37. h4 Kxb3 38. g4 Kxa4 39. h5 b5 40. Nd2 b4 41. Nxe4 dxe4 {
das Bauernendspiel ist klar für Schwarz gewonnen} 42. g5 fxg5 43. fxg5 b3 44.
h6 gxh6 45. gxh6 b2 46. h7 b1=Q 47. h8=Q Qc2+ 48. Ke3 Qd3+ 49. Kf2 Qd2+ 50. Kg3
a5) 36... Kxe4 {KB-KB  das Bauernendspiel ist klar für Schwarz gwonnen} ({
Nicht} 36... dxe4 37. b4 $19) 37. b4 f5 38. a5 d4 39. axb6 axb6 40. b5 d3+ 41.
Kd2 Kf3 42. Kxd3 Kxg3 43. Ke3 Kxh3 {K3B-KBB} 44. Kd4 Kg4 45. Ke5 g5 46. fxg5
Kxg5 47. Kd4 Kg4 48. Ke3 Kg3 49. Ke2 f4 0-1

[Event "SV Deggendorf 2-SC Groebenzell 2"]
[Site "?"]
[Date "2025.04.06"]
[Round "9.8"]
[White "Krauss, Andreas"]
[Black "Eder, Alfred"]
[Result "1/2-1/2"]
[WhiteElo "1848"]
[BlackElo "1875"]
[Annotator "Stockfish 17"]
[PlyCount "28"]
[EventDate "2025.??.??"]
[WhiteTeam "SV Deggendorf 2"]
[BlackTeam "SC Gröbenzell 2"]

{[%evp 9,28,-5,62,62,105,30,68,63,94,44,52,44,76,73,77,52,78,67,77,16,28]} 1.
e4 g6 2. d4 Bg7 3. Nc3 c6 4. f4 $1 {Andi geht das richtig an} d5 5. Nf3 (5. e5
h5 6. Nf3 (6. Be3 Nh6 7. Nf3 Bg4 8. Be2 e6 9. g3 Nf5 10. Bf2 Nd7 {Hector,
J-Petursson,M Rilton Cup Stockholm 1992}) 6... Bg4 7. h3 Bxf3 8. Qxf3 {ist ein
bekanntes Muster mit Vorteil für Weiß} Qb6 9. Qf2 e6 10. Bd3 Ne7 11. O-O Nd7
12. b3 {Hellers,F-Petursson,M Malm0 1993}) 5... Bg4 $6 (5... dxe4 $1 $11 6.
Nxe4 Nf6 7. Bd3 $11) 6. e5 $14 Nh6 $6 7. Be2 (7. h3 $1 $16 Bxf3 8. Qxf3 $16)
7... O-O 8. Be3 $14 e6 9. O-O (9. Ng5 $5 Bxe2 10. Qxe2 Qa5 11. g4 {ist
vorteilhaft}) 9... Nd7 10. Qd2 Bxf3 11. Bxf3 f6 12. Rae1 $14 Nf5 {[%cal Rf6e5]}
13. Bf2 fxe5 14. fxe5 $11 (14. dxe5 $14 g5 15. g3) 14... c5 $11 {in der Partie
geschah noch nichts Besonderes} 1/2-1/2

[Event "SK Bruckmuehl 1-MTV Ingolstadt 1"]
[Site "?"]
[Date "2025.04.06"]
[Round "9.1"]
[White "Lechermann, Markus"]
[Black "Blaskowski, Johannes"]
[Result "1/2-1/2"]
[WhiteElo "2093"]
[BlackElo "2227"]
[Annotator "Stockfish 17"]
[PlyCount "37"]
[EventDate "2025.??.??"]
[WhiteTeam "MTV Ingolstadt 1"]
[BlackTeam "SK Bruckmühl 1"]

{[%evp 12,37,20,14,38,19,23,22,69,66,74,65,66,16,60,21,19,11,12,12,18,-10,19,
-21,-8,-57,-38,-38]} 1. d4 Nf6 2. Bf4 c5 3. c3 e6 4. e3 Nc6 5. Nd2 d5 6. Ngf3
Be7 (6... Bd6 7. Bg3 O-O 8. Bd3 b6 9. Qe2 Qc7 10. O-O {Ljubojevic,L-Lautier,J
Ambder blind Monaco 1997}) 7. Ne5 Nxe5 (7... Nd7 8. Nxd7 Bxd7 9. Be2 O-O 10.
O-O $11 {ist lt. Stockfish sehr präzise}) 8. Bxe5 Bd7 9. Bd3 c4 $6 10. Bc2 b5
11. a3 a5 12. O-O (12. g4 h6 13. h4 Bc6 14. Rg1 $14 {auch dieser
Flankenangriff ist spielbar}) 12... Bc6 13. e4 dxe4 14. Qe2 O-O 15. Bxf6 Bxf6
16. Nxe4 Be7 17. f4 g6 18. Rae1 Bd5 19. Nd2 $15 1/2-1/2

[Event "SK Bruckmuehl 1-MTV Ingolstadt 1"]
[Site "?"]
[Date "2025.04.06"]
[Round "9.2"]
[White "Caspers, Christian"]
[Black "Glawe, Ralf"]
[Result "0-1"]
[WhiteElo "1951"]
[BlackElo "2003"]
[Annotator "Stockfish 17"]
[PlyCount "68"]
[EventDate "2025.??.??"]
[WhiteTeam "SK Bruckmühl 1"]
[BlackTeam "MTV Ingolstadt 1"]

{[%evp 10,68,-22,-8,-5,-25,21,11,8,-26,-17,-132,-113,-136,-7,-71,-82,-129,-109,
-121,-106,-251,-262,-284,-265,-330,-325,-404,-384,-400,-400,-394,-395,-382,
-385,-364,-329,-416,-413,-437,-398,-432,-407,-453,-446,-510,-462,-490,-371,
-533,-524,-516,-522,-520,-503,-490,-465,-596,-586,-562,-526]} 1. d4 Nf6 2. c4
e6 3. Nc3 Bb4 4. f3 {Nimzo-Indisch Sämisch} c5 (4... d5 5. a3 Bxc3+ 6. bxc3 c5
7. cxd5 Nxd5 8. dxc5 Qa5 9. e4 Ne7 {wird des öfteren gespielt}) 5. d5 d6 (5...
Bxc3+ 6. bxc3 d6 7. e4 Qe7 8. Ne2 Nh5 9. g4 Qh4+ 10. Kd2 Nf6 11. Qe1 Qxe1+ {
Beliavsky,A-Georgiev,Ki  Reggio Emilia 1989}) 6. e4 b5 7. a3 Bxc3+ 8. bxc3 O-O
9. Bg5 (9. dxe6 Bxe6 10. cxb5 Qa5 11. Qd2 Nbd7 $11) 9... Qe7 10. Nh3 $6 exd5 $1
11. cxd5 Qe5 $11 (11... Bxh3 $1 12. gxh3 h6 $17) 12. Bf4 (12. Qd2 $1 $11 {
hält das Gleichgewicht.}) 12... Qxc3+ $17 13. Kf2 Bxh3 $17 14. gxh3 c4 15.
Bxd6 $2 {[#]} (15. Be2 $17) 15... Nxe4+ $1 $19 {[%mdl 512] hat er damit
gerechnet?} 16. fxe4 Qf6+ {[%mdl 64] Doppelangriff} 17. Qf3 {Dxf6 ist eine
echte Drohung.} Qxd6 $19 (17... Qxa1 18. Bxf8 Kxf8 19. Be2 Qd4+ $19 {ging auch}
) 18. Re1 Nd7 19. Rg1 Ne5 20. Qg3 {[%csl Gg1][%cal Rg3g7] [#]} g6 21. Kg2 f5
22. Kh1 f4 23. Qf2 Qxa3 24. Be2 f3 25. Bf1 Qd6 26. Rg5 a5 {die Bauern setzen
sich in Bewegung} 27. Qd4 Rae8 28. h4 Qf6 29. Bh3 f2 {Schwarz steht klar auf
Gewinn.} 30. Rf1 Nf3 31. Qxf6 Rxf6 32. Rg2 Nd4 33. Rgxf2 Rxf2 34. Rxf2 c3 0-1

[Event "SK Bruckmuehl 1-MTV Ingolstadt 1"]
[Site "?"]
[Date "2025.04.06"]
[Round "9.3"]
[White "Eichschmied, Patrick"]
[Black "Kieffer, Joachim"]
[Result "1/2-1/2"]
[WhiteElo "1947"]
[BlackElo "1991"]
[Annotator "Stockfish 17"]
[PlyCount "70"]
[EventDate "2025.??.??"]
[WhiteTeam "MTV Ingolstadt 1"]
[BlackTeam "SK Bruckmühl 1"]

{[%evp 17,70,26,20,4,4,2,4,3,10,12,29,0,-1,0,0,-7,-6,-31,-14,-36,14,12,294,298,
299,294,299,292,295,295,261,228,212,104,239,144,190,195,244,242,275,274,320,
316,322,293,339,339,316,314,305,305,290,0,0]} 1. e4 c5 2. Nf3 d6 3. d4 cxd4 4.
Nxd4 Nf6 5. Nc3 g6 6. Be3 Bg7 7. Be2 Nc6 8. Qd2 O-O 9. O-O-O d5 10. Nxc6 bxc6
11. exd5 cxd5 12. Nxd5 Nxd5 $11 13. Qxd5 Qc7 14. Qxa8 Bf5 {[%csl Gf5][%cal
Rc7c2]} 15. Qxf8+ $1 Kxf8 {[%csl Gf5][%cal Rc7c2]} 16. Bd3 (16. Rd2 Qb8 17. b3
Bc3 18. Rd5 Kg7 19. Bd4+ $4 (19. Bf3 Qb4 20. Bc5 $11) 19... Bxd4 20. Rxd4 Qe5
21. Rhd1 Qxe2 22. R1d2 Qf1+ 23. Kb2 Qxg2 {Woning,D-de Jong,P 0-1 Utrecht Zomer
1994}) 16... Be6 17. Kb1 Bd5 18. Rhg1 Qxh2 19. g3 {zielt auf Le4! ab.} Qh5 $2 {
[%mdl 8192] [#]} (19... Bf6 $1 $11) 20. Bc4 $1 $18 {[%mdl 512]} e6 21. Bxd5
exd5 22. Bxa7 Qf5 23. Bc5+ Kg8 24. Rge1 {Und Te8+ würde nun gewinnen.} h5 25.
Re2 (25. f4 $18 {bietet bessere Gewinnchancen.}) 25... d4 $2 (25... Bxb2 $16 {
ist wohl besser.} 26. Kxb2 d4 $14) 26. Be7 (26. Bxd4 $18) 26... Qb5 {[#]} 27.
Rd3 $1 Kh7 28. f4 Qd5 {( -> ...Dh1+)} 29. b3 $18 Qh1+ 30. Kb2 Qf1 31. Re4 Qg2
32. Re1 Qf2 33. Re4 (33. Red1 $1 Qe2 34. Bc5 h4 35. gxh4 Qe4 36. a4 $18 {
gewinnt leicht}) 33... Qg2 34. Re1 Qf2 35. Re4 (35. Red1 $18) 35... Qg2 1/2-1/2

[Event "SK Bruckmuehl 1-MTV Ingolstadt 1"]
[Site "?"]
[Date "2025.04.06"]
[Round "9.4"]
[White "Zeindlmeier, Thomas"]
[Black "Holgert, Michael"]
[Result "1/2-1/2"]
[WhiteElo "1939"]
[BlackElo "2001"]
[Annotator "Stockfish 17"]
[PlyCount "49"]
[EventDate "2025.??.??"]
[WhiteTeam "SK Bruckmühl 1"]
[BlackTeam "MTV Ingolstadt 1"]

{[%evp 9,49,-10,2,6,36,35,41,42,40,38,87,87,125,126,132,118,119,44,51,52,46,9,
11,-19,69,63,92,27,40,39,33,37,41,-69,-20,-38,-12,-12,-4,-14,-10,-36]} 1. d4 f5
2. Nc3 Nf6 3. Bf4 e6 4. e3 Bb4 5. Bd3 O-O 6. Nge2 b6 7. O-O Ba6 8. Nb5 Bxb5 9.
Bxb5 d5 10. Rc1 c6 {[#]} 11. Bd3 $16 b5 12. c3 (12. a4 $1) 12... Bd6 13. f3
Bxf4 14. Nxf4 Qd6 15. Qd2 Nbd7 16. Rce1 g5 17. Nh3 g4 {[#]} 18. Nf4 gxf3 19.
gxf3 Kh8 20. Kh1 Rg8 21. e4 $6 fxe4 22. fxe4 Nxe4 23. Bxe4 dxe4 24. Rxe4 e5 25.
Ng2 1/2-1/2

[Event "SK Bruckmuehl 1-MTV Ingolstadt 1"]
[Site "?"]
[Date "2025.04.06"]
[Round "9.5"]
[White "Freundorfer, Josef"]
[Black "Stoffel, Matthias"]
[Result "1-0"]
[WhiteElo "2014"]
[BlackElo "1982"]
[Annotator "Stockfish 17"]
[PlyCount "52"]
[EventDate "2025.??.??"]
[WhiteTeam "MTV Ingolstadt 1"]
[BlackTeam "SK Bruckmühl 1"]

{[%evp 9,52,3,6,0,2,5,19,19,27,20,39,-38,29,25,31,33,105,105,106,107,116,117,
309,322,350,344,342,337,319,269,331,327,370,362,386,366,417,411,413,414,416,
419,434,438,425]} 1. d4 Nf6 2. Nc3 d5 3. Bf4 c6 4. e3 Bf5 5. Bd3 e6 6. Bxf5
exf5 7. Nf3 Ne4 8. O-O Be7 9. Nd2 Nd7 10. f3 $6 (10. Ncxe4 $142 $14 dxe4 11. f3
) 10... Nd6 11. e4 $11 Qb6 12. Nb3 dxe4 $6 ({Besser ist} 12... fxe4 $14 13.
Bxd6 Bxd6) 13. Bxd6 $16 Bxd6 14. fxe4 fxe4 15. Nxe4 $16 Be7 $2 {[#]} (15... Qc7
$16 {ist eine bessere Verteidigung.}) 16. Qg4 $18 c5 17. Qxg7 O-O-O 18. Qxf7
Rhe8 19. Qc4 Qg6 20. Nexc5 Bxc5 21. Nxc5 {[#] Se6+ ist eine echte Drohung.} Qc6
22. Rf2 Nb6 23. Qd3 Nd5 24. Re2 Rxe2 25. Qxe2 Re8 26. Qg4+ Kb8 1-0

[Event "SK Bruckmuehl 1-MTV Ingolstadt 1"]
[Site "?"]
[Date "2025.04.06"]
[Round "9.6"]
[White "Jaworek, Thomas"]
[Black "Muharemagic, Asim"]
[Result "1-0"]
[WhiteElo "1984"]
[BlackElo "1946"]
[Annotator "Stockfish 17"]
[PlyCount "117"]
[EventDate "2025.??.??"]
[WhiteTeam "SK Bruckmühl 1"]
[BlackTeam "MTV Ingolstadt 1"]

{[%evp 20,117,79,79,83,66,79,1,12,16,24,42,168,160,145,155,110,108,175,126,142,
78,87,106,90,109,93,-37,-45,-47,61,0,105,104,118,117,121,114,111,101,253,258,
278,257,274,232,250,244,269,259,261,264,283,256,328,299,303,251,442,404,408,
411,495,487,473,484,479,477,504,510,497,459,448,436,505,475,523,507,559,550,
549,533,614,631,624,623,623,633,626,584,572,550,565,514,510,512,508,496,29986,
29987]} 1. e4 c5 2. Nf3 Nc6 3. d4 cxd4 4. Nxd4 g6 5. Nc3 Bg7 6. Be3 Nf6 7. Nxc6
bxc6 8. e5 Nd5 (8... Ng8 9. Bd4 Qa5 $11) 9. Nxd5 cxd5 10. Qxd5 $16 Rb8 11.
O-O-O $1 Bb7 12. Qc5 (12. Qd2 $142) 12... O-O 13. f3 Rc8 $11 14. Qxa7 Qc7 {
[%csl Gc8][%cal Rc7c2]} 15. c3 Bxe5 $2 (15... Ra8 $14 16. Qc5 Bc6) 16. Qb6 $1
$18 Bf4 17. Kb1 $36 {[%mdl 2048]} Bxe3 18. Qxe3 e6 19. Bd3 Qa5 20. Be4 (20. a3
$142) 20... Bxe4+ $16 21. Qxe4 ({Bitte nicht} 21. fxe4 Ra8 $11) 21... Ra8 {[#]}
22. a3 Rfb8 {[#]} 23. Kc1 $2 (23. Ka2 $1 $16) 23... d5 $15 {[%mdl 1024]
Schwarz hat Kompensation.} 24. Qc2 e5 25. Rd3 (25. Rhe1 $14) 25... Rc8 $6 (
25... Rb5 $11 {hält das Gleichgewicht.}) 26. f4 $16 d4 27. fxe5 dxc3 28. Rxc3
Rxc3 29. Qxc3 $16 {[%mdl 4096] Endspiel KDT-KDT} Qd8 $2 (29... Qd5 $16) 30. Kb1
$18 Rc8 31. Qe3 Qd5 32. Qe2 Re8 33. Re1 Re6 34. Qe4 Qa5 35. Re2 Qc5 36. h4 f6
37. Qc2 Qb5 38. h5 Kf7 $2 (38... gxh5 {war angesagt.} 39. a4 Qe8) 39. hxg6+
hxg6 40. Qc7+ Ke8 41. Rd2 {[%csl Gc7][%cal Rd2d8]} Re7 42. Qc8+ Kf7 43. exf6
Qf1+ 44. Ka2 Qxf6 45. Qc4+ Kg7 46. Qd4 Qxd4 47. Rxd4 {KT-KT} Re2 48. g4 g5 49.
a4 {[%cal Ba3a4,Ba4a5,Ba5a6,Ba6a7][%mdl 32]} Kf6 50. a5 Ke5 51. Ra4 {Droht a6
und aus.} Kd5 52. a6 Re8 53. a7 Ra8 54. b4 Kc4 55. Ka3 Kb5 56. Kb3 Kb6 57. Ra5
Kb7 58. Rxg5 Kxa7 (58... Rc8 $18 59. Rg7+ Ka8) 59. Ra5+ 1-0

[Event "SK Bruckmuehl 1-MTV Ingolstadt 1"]
[Site "?"]
[Date "2025.04.06"]
[Round "9.7"]
[White "Guertler, Armin"]
[Black "Ahlbrecht, Michael"]
[Result "1-0"]
[WhiteElo "1859"]
[BlackElo "1717"]
[Annotator "stockfish 17"]
[PlyCount "63"]
[EventDate "2025.??.??"]
[WhiteTeam "MTV Ingolstadt 1"]
[BlackTeam "SK Bruckmühl 1"]

{[%evp 13,63,57,83,54,82,82,115,120,173,174,168,92,82,105,284,280,364,313,409,
285,304,270,333,267,286,271,326,315,406,344,402,354,401,345,378,305,414,356,
339,325,309,263,488,474,545,533,546,474,776,757,856,819]} 1. e4 e6 2. d4 d5 3.
e5 c5 4. c3 Nc6 5. Nf3 Qb6 6. a3 {[%cal Ba2a3,Ba3a4][%mdl 32]} f6 7. Bd3 Bd7 (
7... c4 8. Bc2 Bd7 9. O-O O-O-O 10. Nbd2 Qc7 11. Re1 Nge7 12. b3 $16 {Ivanovic,
B-Maksimovic,B JUG-ch 1996}) 8. Bc2 Nge7 9. b4 c4 10. a4 $16 Ng6 $2 11. h4 fxe5
12. Bxg6+ (12. h5 $142 $18 {+1.90}) 12... hxg6 $16 13. b5 Ne7 $2 {[#]} (13...
Nxd4 $16 14. cxd4 exd4 $16) 14. Nxe5 $18 O-O-O 15. Nf7 Rh7 16. Nxd8 Qxd8 17.
Bg5 Qc7 18. Qf3 Rh8 19. Qf4 Qb6 20. g4 Be8 21. Qe5 Kd7 22. Bf4 Nc8 23. a5 Qd8
24. Qb8 Nd6 25. Bxd6 Bxd6 26. Qxb7+ Qc7 27. Qa6 {b6 ist eine echte Drohung.}
Bf7 $2 {[#]} 28. b6 $1 axb6 29. axb6 Qb8 30. Qb5+ Ke7 31. Ra7+ Kf8 32. Qd7 {
[%csl Ga7][%cal Rd7f7]} 1-0

[Event "SK Bruckmuehl 1-MTV Ingolstadt 1"]
[Site "?"]
[Date "2025.04.06"]
[Round "9.8"]
[White "Lenzen, Hans-Josef"]
[Black "Doan, Duc Trung"]
[Result "1/2-1/2"]
[WhiteElo "1699"]
[BlackElo "1772"]
[Annotator "Stockfish 17"]
[PlyCount "33"]
[EventDate "2025.??.??"]
[WhiteTeam "SK Bruckmühl 1"]
[BlackTeam "MTV Ingolstadt 1"]

{[%evp 18,33,72,27,40,14,15,16,19,22,72,-35,22,19,96,-55,0,0]} 1. e4 c5 2. Nf3
Nc6 3. d4 cxd4 4. Nxd4 Nf6 5. Nc3 e6 6. Nxc6 bxc6 7. e5 Nd5 8. Ne4 Qc7 9. f4
Qb6 10. Bd3 (10. c4 Bb4+ 11. Ke2 f5 12. exf6 Nxf6 13. Be3 {ist eine moderne
Variante, die man kennen muß, wenn man sie spielt}) 10... Be7 11. c3 Ba6 12.
Bxa6 Qxa6 13. Qe2 Qb6 14. Qf2 ({Lieber} 14. c4 $16) 14... Qa6 15. Qe2 Qb6 (
15... Qxe2+ $11 {hält das Gleichgewicht.} 16. Kxe2 f5) 16. Qf2 $2 {[#]} (16.
c4 $16) 16... Qa6 17. Qe2 1/2-1/2